LEADER 02191nam a2200361 a 4500 001 000000004156 003 CaOOAMICUS 005 20090304112645.0 008 940922s1548 gw c u000 u lat r 026 $aorro e,os$bc.s, mavt (3)$c 1548 (R) 035 $a10108604 040 $aPUL$bita$dila 100 0 $aDionysius Carthusianus,$dc. 1402-1471.$0(OLS)http://pul/name/4295 245 10$aD. Dionysii Carthusiani Enarrationes piae ac eruditae in quinque mosaicae legis libros hoc est: Genesim, Exodum, Leviticum, Numeros, Deuteronomium ... 246 30$aEnarrationes piae ac eruditae in quinque mosaicae legis libros hoc est: Genesim, Exodum, Leviticum, Numeros, Deuteronomium ... 260 $aColoniae :$bex officina Ioannis Quentel,$c1548. 300 $a[28], 839, [1] p. ;$c2° (31 cm) 500 $aFront. xil. 500 $aSegnatura:*A6 *B4 *C4 a-z6 aa-zz6 aaa-zzz6 aaaa6 500 $aIniziali xil. 500 $ac. *Av Epigramma con illustrazione xil. 662 $aGermania$dColonia.$0(OLS)http://pul/subject/35038 710 2 $aQuentel, Johann$4pbl.$0(OLS)http://pul/name/70789 850 $aPUL 852 $aPUL$W1$xDP1 Antico 500$y12$m2 E 7$j5851$nBK-PRI$qStampati Antico$B5851$CPULBib$Z2$F5851 $82 856 0$uhttp://aquabrowser.pul.it/cinquecentine/2E7-1.jpg 900 $aDionisio Cartusiano,$dc. 1402-1471$94295 900 $aDenis le Chartreux,$dc. 1402-1471$94295 941 1 $a15 961 $aPrecedenti collocazioni: S C L , Int U 4.Timbri: Biblioteca Pia Pont. Seminarii RomaniStemma dell'ordine dei Gesuiti (JHS) sul dorsoStemma di Gregorio XIII sul dorsoStato di conservazione: carte da restaurareRilegatura postuma in pergamena comune agli esemplari collocati da 2 E 7 a 2 E 18. 996 $6246$aEnarrationes piae ac eruditae in quinque mosaicae legis libros hoc est: Genesim, Exodum, Leviticum, Numeros, Deuteronomium ...$9(OLS)http://pul/title/6022 996 $6245$aD. Dionysii Carthusiani Enarrationes piae ac eruditae in quinque mosaicae legis libros hoc est: Genesim, Exodum, Leviticum, Numeros, Deuteronomium ...$9(OLS)http://pul/title/6021 996 $6260$aColoniae :$bex officina Ioannis Quentel$9(OLS)http://pul/publisher/50273 LEADER 01390nam a2200277 u 4500 001 000000077198 003 CaOOAMICUS 005 20070226123308.0 008 040122s1916 gw u000 u lat u 035 $a10981775 040 $aISV$bita 100 0 $aOvid,$d43 B.C.-17 or 18 A.D.$0(OLS)http://pul/name/4720 240 10$aSelections$9(Ovid, 43 B.C.-17 or 18 A.D.).$0(OLS)http://pul/title/25500 245 10$aP. Ovidius Naso.$nTom. I,$pAmores. Epistulae. Medic. fac. fem. Ars amat. Remedia amoris /$cex Rudolphi Merkelii recognitione edidit R. Ehwald. 250 $aEditio stereotypa. 260 $aLipsiae :$bin aedibus B.G. Teubneri,$c1916. 300 $axli, 287 p. ;$c18 cm 490 1 $aBibliotheca scriptorum Graecorum et Romanorum Teubneriana 700 1 $aEhwald, Rudolf,$d1847-1927.$0(OLS)http://pul/name/4722 700 1 $aMerkel, Rudolf,$d1811-1885.$0(OLS)http://pul/name/4721 830 0$aBibliotheca scriptorum Graecorum et Romanorum Teubneriana.$0(OLS)http://pul/title/1299 850 $aPUL 852 $aPUL$W1$xDP1 Fondo Gelio$y54$m2 A 41/1$j99219$nBK-PRI$b $qFondi$B99219$CPULBib$Z2$F99219 $H $81 941 1 $a1 996 $6245$aP. Ovidius Naso.$nTom. I,$pAmores. Epistulae. Medic. fac. fem. Ars amat. Remedia amoris$9(OLS)http://pul/title/25501 996 $6260$aLipsiae :$bin aedibus B.G. Teubneri$9(OLS)http://pul/publisher/48009